Loading...
History - US History | 1 | 6 | 2 | 1 | 65 | 65 | 111.43 | 0 | 2 |
History - World History | 2 | 3 | 2 | 1 | 50 | 43 | 110.80 | 2 | 2 |
History - European History | 1 | 4 | 2 | 2 | 45 | 72 | 114.40 | 0 | 2 |
Literature - World Literature | 0 | 4 | 0 | 2 | 40 | 99 | 128.25 | 0 | 3 |
Literature - American Literature | 0 | 4 | 0 | 2 | 40 | 125 | 139.00 | 0 | 0 |
Fine Arts - Other Fine Arts | 0 | 3 | 0 | 2 | 30 | 112 | 135.00 | 0 | 1 |
Modern World | 0 | 2 | 0 | 1 | 20 | 93 | 113.50 | 0 | 1 |
Beliefs | 0 | 3 | 3 | 3 | 15 | 110 | 129.33 | 1 | 1 |
Geography | 0 | 2 | 1 | 0 | 15 | 103 | 117.00 | 0 | 1 |
Philosophy | 0 | 1 | 0 | 0 | 10 | 142 | 142.00 | 0 | 1 |
Social Science | 0 | 1 | 0 | 1 | 10 | 145 | 145.00 | 0 | 1 |
Fine Arts - Visual Fine Arts | 0 | 1 | 0 | 0 | 10 | 124 | 124.00 | 0 | 0 |
History - Other History | 0 | 2 | 2 | 0 | 10 | 122 | 136.00 | 0 | 0 |
Other Academic | 0 | 1 | 0 | 0 | 10 | 90 | 90.00 | 0 | 0 |
Fine Arts - Classical Music and Opera | 0 | 0 | 1 | 0 | -5 | 0.00 | 0 | 0 | |
Literature - British Literature | 0 | 0 | 1 | 0 | -5 | 0.00 | 0 | 0 |